|
|
|
|
| LEADER |
01615cgm a2200349 a 4500 |
| 001 |
77135049 |
| 003 |
OCoLC |
| 007 |
vd cvaizu |
| 008 |
110708s1999 xx m30 g vleng d |
| 035 |
|
|
|a (OCoLC)77135049
|
| 040 |
|
|
|a EXA
|c EXA
|d IPU
|d BD-DhAAL
|
| 082 |
0 |
0 |
|a 575.1
|2 22
|
| 245 |
0 |
0 |
|a Genetic technology
|h [videorecording] [DVD] /
|c producers/ directors, Linda Sabo, Lisa Faas
|
| 260 |
|
|
|a New York :
|b Insight Media,
|c 1999
|
| 300 |
|
|
|a 2 videodisc (DVD) (ca. 30 min.) :
|b sd., col. ;
|c 4 3/4 in
|
| 490 |
1 |
|
|a Biology: the fabric of life ;
|v GNB-122
|
| 500 |
|
|
|a Palomar College Educational Television
|
| 508 |
|
|
|a Cameras, Chris Maue, Denise Galvan, Salvador Orozco, Antoinette Griffith, Jon Phail ; videotape and editing, Lia Piancone ; video photojournalist, Warren Wolfe
|
| 511 |
0 |
|
|a Instructor, Dan Sourbeer
|
| 520 |
|
|
|a Explores topics in genetic technology, explaining how restriction enzymes are used and discussing probes, gel electrophoresis, steps in a DNA fingerprint, and uses for DNA fingerprinting
|
| 538 |
|
|
|a DVD
|
| 541 |
|
|
|e 00023198
|
| 650 |
|
0 |
|a Genetic engineering
|
| 700 |
1 |
|
|a Sabo, Linda
|
| 700 |
1 |
|
|a Faas, Lisa
|
| 700 |
1 |
|
|a Sourbeer, Dan
|
| 710 |
2 |
|
|a Insight Media (Firm)
|
| 710 |
2 |
|
|a Palomar College.
|b Educational Television
|
| 830 |
|
0 |
|a Biology: the fabric of life ;
|v GNB-122
|
| 852 |
1 |
|
|a Ayesha Abed Library
|c General Shelf.
|
| 999 |
|
|
|c 11044
|d 11044
|
| 952 |
|
|
|0 0
|1 0
|2 ddc
|4 0
|6 575_100000000000000_GEN
|7 0
|9 17409
|a BRACUL
|b BRACUL
|c AV
|d 2011-06-30
|e INSIGHT MEDIA, New York, USA
|g 15171.00
|l 0
|o 575.1 GEN
|p 4010023198
|r 2011-07-12
|t 1
|w 2011-07-12
|y AV
|